ACE Agreement C(2) 2002 Mechanical & Electrical Engineeering Services (Record no. 102960)

MARC details
000 -LEADER
fixed length control field 01103cam a2200229 4500
001 - CONTROL NUMBER
control field J122934
008 - FIXED-LENGTH DATA ELEMENTS--GENERAL INFORMATION
fixed length control field 030326n2002 000 0 eng u
035 ## - SYSTEM CONTROL NUMBER
System control number (Sirsi) u122934
041 ## - LANGUAGE CODE
Language code of text/sound track or separate title eng.
050 ## - LIBRARY OF CONGRESS CALL NUMBER
Classification number 621
-- 18
110 ## - MAIN ENTRY--CORPORATE NAME
Corporate name or jurisdiction name as entry element Association of Consulting Engineers
9 (RLIN) 1225
245 ## - TITLE STATEMENT
Title ACE Agreement C(2) 2002 Mechanical & Electrical Engineeering Services
Remainder of title Consultant appointed by design and construct contractor
260 ## - PUBLICATION, DISTRIBUTION, ETC.
Place of publication, distribution, etc. London
Name of publisher, distributor, etc. ACE
Date of publication, distribution, etc. 2002
300 ## - PHYSICAL DESCRIPTION
Extent 34p.
Dimensions 31cm.
350 ## - PRICE (NR) (BK AM CF MU VM SE) [OBSOLETE]
Price 24
520 ## - SUMMARY, ETC.
Summary, etc. This agreement is intended for use when the consulting engineer is appointed by a design and construct contractor for the provision of mechanical and electrical engineering services. It should be used in conjunction with the guidance document C - 'ACE Agreements 2002 guidance: for use with ACT Agreements C(1) and C(2)' - a copy of which is included in the folder containing the agreement.
650 ## - SUBJECT ADDED ENTRY--TOPICAL TERM
Topical term or geographic name entry element ELECTRICAL ENGINEERING CONTRACTS
650 ## - SUBJECT ADDED ENTRY--TOPICAL TERM
Topical term or geographic name entry element MECHANICAL ENGINEERING CONTRACTS
650 ## - SUBJECT ADDED ENTRY--TOPICAL TERM
Topical term or geographic name entry element CONSULTING ENGINEERS
690 ## - LOCAL SUBJECT ADDED ENTRY--TOPICAL TERM (OCLC, RLIN)
Topical term or geographic name as entry element BUILDING AND CONSTRUCTION-ENGINEERING
942 ## - ADDED ENTRY ELEMENTS (KOHA)
Suppress in OPAC 0
Holdings
Withdrawn status Lost status Source of classification or shelving scheme Damaged status Not for loan Home library Current library Shelving location Date acquired Total Checkouts Full call number Barcode Date last seen Date last checked out Copy number Price effective from Koha item type
    Dewey Decimal Classification     London London Boxed set 04/07/2003 1 ACE 2002/6 30068531 06/08/2019 11/08/2004 1 06/08/2019 Book